000 00306nam a22001337a 4500
008 181017b xxu||||| |||| 00| 0 eng d
020 _a9780071634243
041 _aeng
080 _24th
_a616.073
100 _a6
101 _aRAD
245 _aUltrasonography Examination
_cOdwin,Ch.S
942 _2udc
_cBK
999 _c49967
_d49967